00420nam a2200157Ia 4500008004100000020001500041041001200056082001600068100001800084245008800102250000800190260002500198300000800223650001500231700001600246221030s9999 xx 000 0 und d a0070589518 aEnglish a105.23bFra aJ. C. Francis 0aSchaum`s Outlines of Theory & Problems of Investmentcby J. C. Francis, R.W. Taylor a2nd bTMHaNew Delhic2004 a330 aManagement aR.W. Taylor